| 000 | 00668nam a2200241Ia 4500 | ||
|---|---|---|---|
| 003 | OSt | ||
| 005 | 20220918221946.0 | ||
| 006 | a|||||r|||| 00| 0 | ||
| 007 | ta | ||
| 008 | 220917b |||||||| |||| 00| 0 eng d | ||
| 024 | _a213,539 | ||
| 037 | _cTextual | ||
| 040 |
_aARTS _cARTS _beng |
||
| 041 |
_2eng _aeng |
||
| 082 | _aW:(Q7), N7 | ||
| 100 |
_aEsposito John L. Ed. _928181 |
||
| 245 | 0 |
_aPolitical Islam _b Revolution, radicalism, or reform ? |
|
| 260 |
_aLondon _bLynne rienner pub. _c1997 |
||
| 300 |
_avi, 287 p _ccm. |
||
| 650 | _aPOLITICAL SCIENCE | ||
| 942 |
_hW:(Q7), N7 _cTEXL _2CC |
||
| 999 |
_c274074 _d274074 |
||